Testing of rubber and ebonite. Sampling and preparation of specimens for chemical testings. (Record no. 73347)

MARC details
000 -LEADER
fixed length control field 00357nam a2200121Ia 4500
245 #0 - TITLE STATEMENT
Title Testing of rubber and ebonite. Sampling and preparation of specimens for chemical testings.
260 ## - PUBLICATION, DISTRIBUTION, ETC. (IMPRINT)
Year of publication 1970
500 ## - GENERAL NOTE
General note Standard number: DIN 53 551
650 ## - SUBJECT ADDED ENTRY--TOPICAL TERM
Topical Term Chemical testing
650 ## - SUBJECT ADDED ENTRY--TOPICAL TERM
Topical Term Ebonite
942 ## - ADDED ENTRY ELEMENTS (KOHA)
Koha item type Standards
Holdings
Withdrawn status Lost status Damaged status Not for loan Collection code Home library Current library Date acquired Koha item type
      Standards DIN standards/German Standards RRII Library RRII Library 31/12/2021 Standards